Načítá se...

Political ideas and ideologies : A history of political thought /

Podrobná bibliografie
Hlavní autor: Sibley, Mulford
Jazyk:Undetermined
Vydáno: 1970.
LEADER 00423nam a2200121Ia 4500
001 99742
008 170722s9999 xx 000 0 und d
100 |a Sibley, Mulford 
245 |a Political ideas and ideologies :  |b A history of political thought / 
260 |c 1970. 
942 |c GEN 
999 |c 80256  |d 80256 
952 |0 0  |1 0  |4 0  |6 WV__N_L01  |7 0  |8 LC1  |9 112541  |a LIB  |b LIB  |d 2017-08-12  |h LC1  |l 2  |o Wv.N L01  |p 135782  |r 2019-10-24  |s 2019-09-24  |w 2017-08-12  |y GEN